omori trivia - Statistics

General Stats
  • This quiz has been taken 1,041 times
  • The average score is 11 of 13
Answer Stats
Question Answer % Correct
what color does aubrey dye her hair? pink
97%
what is the name of the creator? omocat
96%
what fruit is basils head when it explodes? watermelon
95%
what is kels favorite soda? orange joe
94%
what food is aubreys plush? eggplant
93%
what was the name of basils caretaker? polly
92%
what instrument did mari play? piano
90%
what is heros real name? henry
87%
what did basil use to stab sunny in the eye? gardening shears
82%
what year did omori come out? 2020
77%
what are the unbread twins names? doughie and biscuit
74%
around whos birthday did mari get mewo? sunnys birthday
66%
who gifted basil his camera? mari
55%
No matching quizzes found
Score Distribution
Percent of People with Each Score
Percentile by Number Answered
Your Score History
You have not taken this quiz